• 首页
  • 本馆介绍
  • 公告通知
  • 最新文献
  • 馆藏检索
  • 电子资源
  • 读者导购
  • 参考咨询
  • 我的图书馆
  • 登录
  • 详细信息显示
  • 放入我的书架
  • 预约/预借图书
  • 作者相关作品
  • 分类相关作品
  • 丛书相关作品
  • 出版社相关作品

书目信息

  • 表格格式
  • 工作单格式
  • 卡片格式
题名:
档案著录规则讲话
    
 
作者: 邓绍兴 编著
分册:  
出版信息: 北京   档案出版社  1985
页数: 148页
开本: 19cm
丛书名:
单 册:
中图分类: G272.6 , G272
科图分类:
主题词: 档案编目--规则 , 档案工作 , 档案学
电子资源:
ISBN:
000 00685nam0 2200265 45
001 0185003143
005 20060808174823.20
010    @dCNY0.70
091    @a7283.035
100    @a19900816d1985 em y0chiy0121 ea
101 0  @achi
102    @aCN@b110000
105    @ay z 000yy
200 10 @a档案著录规则讲话@Adang an zhu lu gui ze jiang hua@f邓绍兴编著
210    @a北京@c档案出版社@d1985
215    @a148页@d19cm
606    @a档案编目@x规则
606 0  @a档案工作
606 0  @a档案学
690    @aG272.6@v3
690    @aG272
701  0 @a邓绍兴@Adeng shao xing@4编著
801  2 @aCN@bNLC@c20060808
801  0 @aCN@b深圳图书馆@c20040506
905    @f1@b166680@dG272@e18
    
    档案著录规则讲话/邓绍兴编著.-北京:档案出版社,1985
    148页;19cm
    
    
    ISBN :CNY0.70
    
●
相关链接 在E读中查询图书 在五车中查询图书 在当当中查询图书 在豆瓣中查询图书


正题名:档案著录规则讲话     索取号:G272/18         预约/预借

序号 登录号 条形码 馆藏地/架位号 状态 备注
1 0166680   000989345   第四借阅区/ [索取号:G272/18] 在馆    
2 0166681   001583628   第一样本阅览室/ [索取号:G272/18] 在馆    
3 0447603   204476030   密集书库/ [索取号:G272/18] 在馆    
4 0447604   204476049   密集书库/ [索取号:G272/18] 在馆    
5 0447605   204476058   密集书库/ [索取号:G272/18] 在馆    
唐山师范学院图书馆 欢迎您!
大连网信软件有限公司© 版权所有